00304nam a22001097a 4500082001700000100001600017245008500033260003000118300001000148650001900158650001700177 aTNC K12 G552 aGoel, S. L. aInternational civil service :bPrinciples, practice and prospectscby S. L. Goel aNew DelhibSterlingc1984 a420p. aCivil Service  aBureaucracy